Datum a čas kvízu

28.5 Celkem bodů Celkový počet nahraných bodů na tomto kvízu bez doplňovacích otázek.
6. Pořadí na kvízu Konečné umístění týmu na tomto kvízu.

Zaznamenané odpovědi

# Otázka Odpověď Body Výsledky
1. Minulý týden bylo oznámeno, že... Emmanuel Macron 0
2. Pokutami v celkové výši přes 3... Donald Trump 1
3. Jak se nazývá oblíbený komiks,... Čtyřlístek 1
4. Nejstarší hračkářství na světě... Hamleys 1
5. Pražská Sparta si z úvodního z... 3:2 1
6. Obec s nejdelším názvem v Česk... A 0
7. Česká republika se dělí na 14... Karlovy Vary, Jihlava 0.5
8. Nejníže položené sídlo v České... Hřensko 1
9. V této otázce bude potřeba k z... 1A 2B 3C 4D 0
10. V České republice jsou čtyři ú... NP Šumava 0